000 00284nam a22001097a 4500
008 160613b xxu||||| |||| 00| 0 eng d
020 _a080166618X
041 _aeng
080 _a618.2
245 _aLearning medical terminology:
_cMiriam G. Austrin; Harvey R. Austrin;
942 _2udc
_cBK
999 _c2442
_d2442